000 01685 a2200241 4500
001 53838
005 20260407155809.0
008 260407a2008 arg spa d
003 AR-UNSa-BCEJYS
040 _aAR-UNSa-BCEJYS
_bspa
_cAR-UNSa-BCEJYS
080 _a658.16
_xReorganización financiera (Proyectos de inversión)
245 1 0 _aEvaluación social de proyectos
020 _a978-970-26-1300-8
250 _a13a. ed
264 1 _aMéxico :
_bPearson Educación
_c2008
300 _axxii, 622 p.
_c23 cm.
505 _a1. El proyecto y su ciclo de gestación – 2. Diferentes costos para diferentes decisiones – 3. Diferentes criterios para la decisión de inversiones – 4. Aplicaciones de los criterios de la decisión a diferentes problemas – 5. Principios de economía para la evaluación social de proyectos – 6. Fundamentos de la evaluación social de proyectos – 7. La evaluación social en la ausencia de distorsiones – 8. Ajustes al valor privado de la producción de bienes nacionales – 9. Ajustes al precio de los insumos nacionales – 10. Los defectos indirectos en presencia de distorsiones – 11. Ajustes al precio de bienes transables: al precio social – 12. Ajustes al precio de la mano de obra – 13. La tasa de descuentos y el VABSN medible – 14. El precio de las divisas para la evaluación social de los proyectos – 15. La tasa social de descuento - 16. Comentarios finales sobre el VABSN de los proyectos
041 _aspa
942 _cBK
590 _aniveau_biblio:m niveau_hierar:0
100 1 _aFontaine, Ernesto R.
856 4 1 _uhttps://www.biblioeco.unsa.edu.ar/pmb/images/libros/L128443.jpg
_yImagen de portada
_qimage/jpeg
999 _c5262
_d5262